Power electronics: theory and practice (Record no. 551)

MARC details
000 -LEADER
Fixed length control field 00464nam a2200169 4500
003 - CONTROL NUMBER IDENTIFIER
Control field SEACOMEC
005 - DATE AND TIME OF LATEST TRANSACTION
Control field 20240130153507.0
008 - FIXED-LENGTH DATA ELEMENTS--GENERAL INFORMATION
Fixed length control field 240130b |||||||| |||| 00| 0 eng d
020 ## - INTERNATIONAL STANDARD BOOK NUMBER / ISBN
Price Rs.395.00
040 ## - CATALOGING SOURCE
Original cataloging agency SEACOMEC
082 ## - DEWEY DECIMAL CLASSIFICATION NUMBER
Classification number 621.317
Book Number T487
100 ## - MAIN ENTRY--PERSONAL NAME
Personal name Thorborg,Kjeld
245 1# - TITLE STATEMENT
Title Power electronics: theory and practice
Statement of responsibility Kjeld Thorborg
260 ## - IMPRINT
Place of publication New Delhi
Name of publisher Overseas Press
Date of publication 2005
650 ## - SUBJECT ADDED ENTRY--TOPICAL TERM
Topical term Technology,transmission of electric power
942 ## - ADDED ENTRY ELEMENTS (KOHA)
Koha item type Books
Holdings
Withdrawn status Lost status Source of classification Damaged status Not for loan Home library Current library Date acquired Total Checkouts Call number Accession number Date last seen Copy number Price effective from Koha item type
    Dewey Decimal Classification     SEACOM ENGINEERING COLLEGE SEACOM ENGINEERING COLLEGE 06/06/2006   621.317 T487 01976 30/01/2024 2 30/01/2024 Books
    Dewey Decimal Classification     SEACOM ENGINEERING COLLEGE SEACOM ENGINEERING COLLEGE 06/06/2006   621.317 T487 01977 30/01/2024 3 30/01/2024 Books
© Seacom Engineering College, All rights reserved.      Powered by Koha